Statistics for Top 10 Selling Female Artist of All Time

Click here to take the quiz!

General Stats

  • This quiz has been taken 46 times
  • The average score is 7 of 10

Answer Stats

HintAnswerSales% Correct
2.Rihanna250 million
89%
7.Beyonce200 million
84%
1.Madonna400 million
82%
6.Taylor Swift200 million
79%
5.Whitney Houston220 million
68%
10.Britney Spears150 million
55%
8.Lady Gaga170 million
55%
4.Mariah Carey220 million
53%
3.Celine Dion230 million
45%
9.Adele170 million
39%

Score Distribution

Percentile by Number Answered

Percent of People with Each Score

Your Score History

You have not taken this quiz